| 000 | 01216cam a2200193 4500500 | ||
|---|---|---|---|
| 005 | 20260412000248.0 | ||
| 041 | _afre | ||
| 042 | _adc | ||
| 100 | 1 | 0 |
_aIthurbide, Christine _eauthor |
| 700 | 1 | 0 |
_aBouquillion, Philippe _eauthor |
| 700 | 1 | 0 |
_aKniaz, Alix _eauthor |
| 700 | 1 | 0 |
_aNiedbalec, Arnaud _eauthor |
| 245 | 0 | 0 | _aInternationalization of digital platforms and consequences on cultural industries: perspectives from the Indian case |
| 260 | _c2022. | ||
| 500 | _a45 | ||
| 520 | _aIn a globalization context, American digital platforms attempt to impose themselves on the fast-growing Indian market. From the case of the cultural industries, this interview examines their different adaptation and investment strategies in industrial, economic and technological terms. It also focuses on the influence, the relation of power and the hegemony that these platforms have on the film industry and, more broadly, on transformations introduced by digital players in the Indian economy. | ||
| 786 | 0 | _nRegards croisés sur l'économie | o 30-31 | 1 | 2022-11-22 | p. 230-241 | 1956-7413 | |
| 856 | 4 | 1 | _uhttps://shs.cairn.info/journal-regards-croises-sur-l-economie-2022-1-page-230?lang=en&redirect-ssocas=7080 |
| 999 |
_c2209564 _d2209564 |
||